01480nam a22001937a 4500003000400000020001800004082001400022245004800036250000800084260002900092300000800121650002400129653062500153942001600778952016500794952016600959952014601125999001501271SGT a9788177588118 a332.6,FIS aSECURITY ANALYSIS AND PORTFOLIO MANAGEMENT  a6TH aNEW DELHIbPEARSONc2013 a703 aFINANCIAL ECONOMICS a1. INTRODUCTION TO SECURITIES. 2. MARKETS FOR SECURITIES AND TAXES. 3. RISK AND RETURN. 4. ECONOMIC ANALYSIS. 5. INDUSTRY ANALYSIS. 6. COMPANY ANALYSIS: MEASURING EARNINGS. 7. COMPANY ANALYSIS: FORECASTING EARNINGS. 8. COMPANY ANALYSIS: APPLIED VALUATION. 9. BOND ANALYSIS; RETURNS AND SYSTEMATIC RISK. 10. BOND ANALYSIS: UNSYSTEMATIC RISK. 11. BOND MANAGEMENT STRATEGIES. 12. OPTIONS. 13. RIGHTS, WARRANTS AND CONVERTIBLES. 14. FUTURES. 15. TECHNICAL ANALYSIS. 16. EFFICIENT—MARKET THEORY 17. PORTFOLIO ANALYSIS. 18. PORTFOLIO SELECTION. 19. CAPITAL MARKET THEORY. 20. MANAGED PORTFOLIOS AND PERFORMANCE MEASUREMENTS. 2ddccFCM06 00102ddc40708CMaSSSLbSSSLcDISPLAYd2016-06-03eKIRTI PRAKASHANg715.00iSGTUl4o332.6,FISpCM771r2017-12-08 00:00:00s2017-11-20w2015-08-14yFCMk2705 00102ddc40708CMaSSSLbSSSLcDISPLAYd2016-06-03eKIRTI PRAKASHANg715.00iSGTUl13o332.6,FISpCM772r2022-03-31 00:00:00s2022-03-31w2015-08-14yFCMk2705 00102ddc40718CMaSSSLbSSSLcREFd2016-06-03eKIRTI PRAKASHANg715.00iSGTUo332.6,FISpCM773r2016-06-03 00:00:00w2015-08-14yFCMk2705 c8927d8927